| 000 | 00780nam a2200217 a 4500 | ||
|---|---|---|---|
| 003 | 0 | ||
| 005 | 20250313093050.0 | ||
| 008 | 080724s19uu xx 00 eng d | ||
| 050 |
_aPGS LB 1139.S6 _b.K17 2008 |
||
| 100 | _aKapil, Vaishnavi. | ||
| 245 |
_aSocial skills of VAT and Non-VAT students / _cVaishnavi Kapil. |
||
| 260 |
_aLas PiƱas City, Philippines : _bSouthville International School and Colleges, _c2008. |
||
| 300 |
_a23 pages : _billustrations ; _c28 cm. |
||
| 504 | _aIncludes bibliographic references. | ||
| 650 | _aSocial skills in children. | ||
| 650 |
_aGifted children _vEducation. |
||
| 650 |
_aAcademic achievement _vPsychological aspects. |
||
| 650 | _aStudent peer relationships. | ||
| 650 | _aMotivation in education. | ||
| 942 |
_2lcc _cPASS |
||
| 999 |
_c97917 _d97917 |
||